000 00313nam a2200157Ia 4500
100 _aWorley/J.C/ Drake/George R
250 _a1
942 _cBK
654 _aSQL
245 _aPractical Postgre SQL
260 _bOreilly
_c2002
082 _a5.133
_bWOR
300 _a611
546 _aENGLISH
999 _c29021
_d29021